000 00561nam a22002297a 4500
003 UA-OsUOA
001 22692
007 ta
008 20031223b un ||||| |||| 00| 0 ukr d
100 _aРадовель М.Р.
090 _a159.956
_bР15
942 _cBK
040 _aUA-OsUOA
_bukr
_cUA-OsUOA
_dUA-OsUOA
245 _aІнтуїція і наукове пізнання
300 _a107 с.
955 _a0
041 _aukr
080 _a159.956
260 _aКиїв
_b"Наукова думка"
_c1971
044 _aUA
650 7 _2UDC
999 _c308920
_d308920